LEADER 01008nam0-2200361---450 001 990005576440203316 005 20190403124911.0 035 $a000557644 035 $aUSA01000557644 035 $a(ALEPH)000557644USA01 035 $a000557644 100 $a19981214d1990----|||y0itaa50------ba 101 $aita 102 $ait 105 $a0 00||| 200 1 $a<> libro dei profumi$esuggestioni del passato e grandi profumi di oggi$fPaolo Maltese 210 $aMilano$cGiorgio Mondadori$d1990 215 $a166 p.$d29 cm. 606 $aPROFUMI$2F 620 $dMILANO 676 $a668.5 700 1$aMALTESE,$bPaolo$0243987 801 0$aIT$bSA$c20111219 912 $a990005576440203316 950 0$aDipar.to di Filosofia - Salerno$dDFCC 668.5 MAL$e4560 FIL 951 $aCC 668.5 MAL$b4560 FIL 959 $aBK 969 $aFIL 979 $c20121027$lUSA01$h1525 979 $c20121027$lUSA01$h1614 996 $aLibro dei profumi$91131928 997 $aUNISA NUM $aSA0000445 LEADER 01795nam 2200409 450 001 996281142403316 005 20230423184609.0 010 $a1-4799-6407-7 035 $a(CKB)2560000000337652 035 $a(NjHacI)992560000000337652 035 $a(EXLCZ)992560000000337652 100 $a20230423d2014 uy 0 101 0 $aeng 135 $aur||||||||||| 181 $ctxt$2rdacontent 182 $cc$2rdamedia 183 $acr$2rdacarrier 200 10$aDynamics of Systems, Mechanisms and Machines (Dynamics), 2014 /$fInstitute of Electrical and Electronics Engineers 210 1$aPiscataway, New Jersey :$cIEEE,$d2014. 215 $a1 online resource 311 $a1-4799-6408-5 311 $a1-4799-6406-9 330 $aIX International scientific and technical conference is devoted to consideration of issues of dynamic calculations in various scientific fields designing machines and mechanisms, electrical and electromechanical systems, information and monitoring processes, experiments and control, thermal and gasodynamic processes, aircraft structures, technological processes, tribosystems, dynamic methematical modelling, biomechanics and social systems. 517 $a2014 Dynamics of Systems, Mechanisms and Machines 517 $a2014 Dynamics of Systems, Mechanisms and Machines (Dynamics) 517 $aDynamics of Systems, Mechanisms and Machines 606 $aMachinery, Dynamics of$vCongresses 606 $aMechanical engineering$vCongresses 615 0$aMachinery, Dynamics of 615 0$aMechanical engineering 676 $a621.811 801 0$bNjHacI 801 1$bNjHacl 906 $aPROCEEDING 912 $a996281142403316 996 $aDynamics of Systems, Mechanisms and Machines (Dynamics), 2014$92530943 997 $aUNISA